LEADER 01213cam a22002774a 4500 001 000000118544 003 CaOOAMICUS 005 20091203124721.0 008 091203t2002 it b 000 0 ita r 020 $a88-420-6821-7 040 $aPUL$bita$dReb 100 1 $aRampini, Federico.$0(OLS)http://pul/name/74057 245 10$aDall'euforia al crollo :$bla seconda vita della New Economy /$cFederico Rampini. 250 $aNuova edizione con una prefazione dell'autore. 260 $aRoma ;$aBari :$bLaterza,$c©2002. 300 $axxv, 163 p. ;$c21 cm. 490 1 $aEconomica Laterza ;$v273 504 $aBibliografia e note p. 159-160. 650 4$aEconomia internazionale.$0(OLS)http://pul/subject/10912 830 0$aEconomica Laterza ;$v273.$0(OLS)http://pul/title/39309 850 $aPUL 852 $aPUL$W1$xSL Diritto e Scienze Sociali 3$y79$m330. 9 RAMFE 1$j136003$qDDC 21$B134992$CPULBib$Z2$F134992 $H111826 $82 941 1 $a9 996 $6020$a88-420-6821-7$9(OLS)http://pul/number/142643 996 $6245$aDall'euforia al crollo :$bla seconda vita della New Economy$9(OLS)http://pul/title/149192 996 $6260$aRoma ;$aBari :$bLaterza$9(OLS)http://pul/publisher/57682 LEADER 01501nam a2200337 a 4500 001 000000121338 003 CaOOAMICUS 005 20100422104010.0 008 100422t2010 it u000 u ita r 020 $a978-88-6030-305-9 040 $aPUL$bita$dReb 041 1 $aita$hger 082 04$a193 100 1 $aJaspers, Karl,$d1883-1969.$0(OLS)http://pul/name/6455 240 10$aEinführung in die Philosophie.$lItaliano.$0(OLS)http://pul/title/56587 245 10$aIntroduzione alla filosofia /$cKarl Jaspers ; con un commento di Pietro Chiodi ; postfazione di Umberto Galimberti. 260 $aMilano :$bRaffaello Cortina,$c©2010. 300 $axvii, 211 p. ;$c23 cm. 490 1 $aScienza e idee ;$v196 504 $aInclude riferimenti bibliografici ed indice. 650 4$aFilosofia.$0(OLS)http://pul/subject/362 700 1 $aChiodi, Pietro,$d1915-$0(OLS)http://pul/name/5738 700 1 $aGalimberti, Umberto,$d1942-$0(OLS)http://pul/name/8525 830 0$aScienza e idee (Raffaello Cortina) ;$v196.$0(OLS)http://pul/title/60185 850 $aPUL 852 $aPUL$W1$xSL Filosofia 3$y81$m193 JASKA 3$j139151$qDDC 21$q $B138376$CPULBib$Z2$F138376 $H113324 $81 941 1 $a9 996 $6020$a978-88-6030-305-9$9(OLS)http://pul/number/143951 996 $6082$a193$9(OLS)http://pul/classification/412 996 $6245$aIntroduzione alla filosofia$9(OLS)http://pul/title/2712 996 $6260$aMilano :$bRaffaello Cortina$9(OLS)http://pul/publisher/63509